Shah Abdul Karim : (Record no. 22622)
[ view plain ]
| 000 -LEADER | |
|---|---|
| fixed length control field | 00812nam a2200253 4500 |
| 001 - CONTROL NUMBER | |
| control field | 22622 |
| 003 - CONTROL NUMBER IDENTIFIER | |
| rucl marc code | BD-RjUL |
| 005 - DATE AND TIME OF LATEST TRANSACTION | |
| control field | 20211209000829.0 |
| 008 - FIXED-LENGTH DATA ELEMENTS--GENERAL INFORMATION | |
| fixed length control field | 140309s1970 ii b 001 0beng |
| 035 ## - SYSTEM CONTROL NUMBER | |
| System control number | (BD-RjUL)22687 |
| 040 ## - CATALOGING SOURCE | |
| Original cataloging agency | DLC |
| Transcribing agency | DLC |
| Modifying agency | DLC |
| -- | BD-RjUL |
| Language of cataloging | eng |
| 041 ## - LANGUAGE CODE | |
| Language code of text/sound track or separate title | eng |
| 082 00 - DEWEY DECIMAL CLASSIFICATION NUMBER | |
| Classification number | 891.4112 |
| Author mark and year | JOS 1970 |
| 100 1# - MAIN ENTRY--PERSONAL NAME | |
| Personal name | Jotwani, Motilal, |
| Dates associated with a name | 1936- |
| 9 (RLIN) | 69831 |
| 245 00 - TITLE STATEMENT | |
| Title | Shah Abdul Karim : |
| Remainder of title | a mystic poet of Sindh / |
| Statement of responsibility, etc. | Motilal Jotwani. |
| 260 ## - PUBLICATION, DISTRIBUTION, ETC. (IMPRINT) | |
| Place of publication, distribution, etc. | New Delhi, |
| Name of publisher, distributor, etc. | Kumar Bros., |
| Date of publication, distribution, etc. | 1970. |
| 300 ## - PHYSICAL DESCRIPTION | |
| Pagination | 56 p. ; |
| Size | 22 cm. |
| 500 ## - GENERAL NOTE | |
| General note | Includes English translation of the text of Shah Abdul Karim's Risฤlo: p. 35-53. |
| 504 ## - BIBLIOGRAPHY, ETC. NOTE | |
| Bibliography, etc | Includes bibliographical references and index. |
| 600 00 - SUBJECT ADDED ENTRY--PERSONAL NAME | |
| Personal name | Shah Abdul Karim, |
| Dates associated with a name | 1536-1624. |
| 942 ## - ADDED ENTRY ELEMENTS (KOHA) | |
| Source of classification or shelving scheme | Dewey Decimal Classification |
| Koha item type | Books |
| Lost status | Source of classification or shelving scheme | Damaged status | Not for loan | Collection code | Permanent Location | Current Location | Shelving location | Date acquired | Source of acquisition | Total Checkouts | Full call number | Date last seen | Copy number | Koha item type |
|---|---|---|---|---|---|---|---|---|---|---|---|---|---|---|
| Dewey Decimal Classification | Added to bundle | Non-fiction | Central Library, University of Rajshahi | Central Library, University of Rajshahi | Reading Room | 25/06/1974 | India Govt. | 891.4112 JOS 1970 | 09/03/2014 | C-1 | Books |